| 000 | 01093cam a22003137a 4500 | ||
|---|---|---|---|
| 003 | CHAP | ||
| 005 | 20220329132937.0 | ||
| 008 | 971013s1990 r 00010 d | ||
| 010 | _a518 | ||
| 011 | _a1490 | ||
| 035 | _a666 | ||
| 040 | _cCHAP | ||
| 090 | _aTesis | ||
| 100 | 0 | 0 |
_aOrtega Alcalá, Jorge. _983760 |
| 245 | 0 | _aAnálisis de correlación canónica generalizado para m7, 3 conjuntos de variables y su aplicación a un estudio de caso | |
| 260 |
_aChapingo, Méx. : _bEl autor, _c1990 |
||
| 300 | _a87 h. | ||
| 502 | _aTesis (Maestro en Ciencias Esp. en Estadística Experimental) -- C.P. Centro de Estadística y Cálculo | ||
| 590 |
_aALEPH _b10 _c20130110 _lUCH01 _h1205 |
||
| 590 |
_aBATCH-UPD _b10 _c20130110 _lUCH01 _h1922 |
||
| 590 |
_aBATCH-UPD _b10 _c20130410 _lUCH01 _h1248 |
||
| 590 |
_aBATCH-UPD _b10 _c20130914 _lUCH01 _h1050 |
||
| 590 |
_aCONVERSION _b10 _c20130109 _lUCH01 _h1302 |
||
| 650 | 1 | 4 |
_aCorrelaciones (Estadística) _928246 |
| 901 | _aBK | ||
| 942 | _cFOLL | ||
| 949 |
_bBC _cTES _d-10122 _eTS1 _h22689 _i666 _si |
||
| 949 |
_bBC _cTES _d-67821 _eTS2 _fc.2 _h22670 _i666 _si |
||
| 999 |
_c518 _d518 |
||